Busines Communication/ (Record no. 188908)
[ view plain ]
| 000 -LEADER | |
|---|---|
| fixed length control field | 00553nam a22001817a 4500 |
| 005 - DATE AND TIME OF LATEST TRANSACTION | |
| control field | 20220607145613.0 |
| 010 ## - LCCN (DPL NO) | |
| LC control number | ENG-133092 |
| 020 ## - INTERNATIONAL STANDARD BOOK NUMBER | |
| Terms of availability | 125.00 |
| International Standard Book Number | 978-93-87253-30-8 |
| 035 ## - SYSTEM CONTROL NUMBER | |
| System control number | EN-116624 |
| 037 ## - SOURCE OF ACQUISITION | |
| Source of stock number/acquisition | DBAD/PUB |
| 082 ## - DEWEY DECIMAL CLASSIFICATION NUMBER | |
| Classification number | 651.7 |
| 100 ## - MAIN ENTRY--PERSONAL NAME | |
| Personal name | Garg, Manoj Kumar |
| 245 ## - TITLE STATEMENT | |
| Title | Busines Communication/ |
| Statement of responsibility, etc | Manoj Kumar Garg |
| 260 ## - PUBLICATION, DISTRIBUTION, ETC. (IMPRINT) | |
| Date of publication, distribution, etc | 2018 |
| Place of publication, distribution, etc | New Delhi |
| Name of publisher, distributor, etc | Kitab Mahal Publishers |
| 270 ## - ADDRESS | |
| Address | 8, Hari Sadan,(G.F.), 20, Ansari Road, Daryaganj |
| City | New Delhi |
| Postal code | 110002 |
| 300 ## - PHYSICAL DESCRIPTION | |
| Extent | 158p. |
| Dimensions | 21cm(pbk) |
| 942 ## - ADDED ENTRY ELEMENTS (KOHA) | |
| Source of classification or shelving scheme | Dewey Decimal Classification |
| Item type | English Books |
| Call number suffix | GAR |
| Classification part | 451.7 |
| Withdrawn status | Lost status | Not for loan | Collection code | Home library | Current library | Date acquired | Source of acquisition | Cost, normal purchase price | Full call number | Barcode | Copy number | Cost, replacement price | Koha item type |
|---|---|---|---|---|---|---|---|---|---|---|---|---|---|
| Not For Loan | Non-fiction | D.B.Act.Division | Mobile Library | 07/06/2022 | DBAD/PUB | 125.00 | 451.7 GAR | EN-116624 | 1 | 125.00 | English Books |
